Existují ješte zodpovědní zaměstnanci?

Čo je to zodpovednosť a ako s ňou následne pracovať tak, aby to prinášalo výsledky. Zvýšenie zodpovednosti. Úrovne zodpovednosti v rôznych oblastiach života

Gespeichert in:
Bibliographische Detailangaben
1. Verfasser: Spáčilová, Lucie
Format: Buchkapitel
Sprache:Tschechisch
Schlagworte:
Tags: Tag hinzufügen
Keine Tags, Fügen Sie das erste Tag hinzu!

MARC

LEADER 00000naa a2200000 4500
001 0260451
005 20191216151244.1
041 0 |a cze 
044 |a CZ 
245 1 0 |a Existují ješte zodpovědní zaměstnanci?  |c Lucie Spáčilová 
520 |a Čo je to zodpovednosť a ako s ňou následne pracovať tak, aby to prinášalo výsledky. Zvýšenie zodpovednosti. Úrovne zodpovednosti v rôznych oblastiach života 
610 2 0 |a zamestnanci 
610 2 0 |a zdroje ľudské 
610 2 0 |a zodpovednosť 
610 2 0 |a zručnosti 
610 2 0 |a trh práce 
100 1 |a Spáčilová, Lucie